000
00268nam a22001097a 4500
082
_a
621.37 GOL"E
100
_a
GOLDING, E. W
_9
39007
245
_a
ELECTRICAL MEASUREMENT AND MEASURING INSTRUMENTS
260
_a
LONDON
_b
SIR ISAAC
_c
1944
300
_a
828P
942
_c
BK
999
_c
577035
_d
577035